000 00600nam a2200229 a 4500
001 nice12345678
003 IN_TiNIC
005 20260116013817.0
008 050524s1965 newa grp 000 0 eng
020 _a
_c100
082 0 0 _a230.41
_bLUT1
245 _aRe-Examination of Lutheran and Reformed Traditions III
260 _aNew York
_bLutheran World Federation
_c1965
300 _a56p
500 _aincludes index and biblioraphy
505 2 _aIndex
650 _aLutheran Church-Doctrines
710 2 _aLutheran World Federation
902 _bSRS
942 _cBK
999 _c12625
_d12625